Foo Fighters songs - Statistiques

Statistiques générales
  • Ce quiz a été pris 4 fois
  • Le résultat moyen est 16 sur 159
Statistiques - réponses
Album Title % Correct
Greatest Hits | The Colour And The Shape Everlong
100%
Greatest Hits | The Colour And The Shape | The Esstential Foo Fighters My Hero
100%
Your Favorite Toy Your Favorite Toy
100%
Foo Fighters | Greatest Hits | The Esstential Foo Fighters Big Me
50%
But Here We Are But Here We Are
50%
Concrete and Gold Concrete and Gold
50%
In Your Honor In Your Honor
50%
Greatest Hits | The Esstential Foo Fighters Learn to Fly
50%
Medecine At Midnight Medecine At Midnight
50%
Greatest Hits | One By one | The Colour And The Shape | The Esstential Foo Fighters Monkey Wrench
50%
In Your Honor No Way Back
50%
Concrete and Gold Run
50%
Sonic Highways Something from Nothing
50%
Greatest Hits | The Esstential Foo Fighters The Pretender
50%
The Esstential Foo Fighters | Wasting Light Walk
50%
There Is Nothing Left To Lose Ain't It The Life
0%
Greatest Hits | One By one | The Esstential Foo Fighters All My Life
0%
Foo Fighters Alone + Easy Target
0%
Wasting Light A Matter Of Time
0%
Your Favorite Toy Amen, Caveman
0%
Wasting Light Arlandria
0%
Concrete and Gold Arrows
0%
Your Favorite Toy Asking For A Friend
0%
There Is Nothing Left To Lose Aurora
0%
Wasting Light Back & Forth
0%
Greatest Hits | In Your Honor | The Esstential Foo Fighters Best of You
0%
But Here We Are Beyond Me
0%
Greatest Hits | The Esstential Foo Fighters | There Is Nothing Left To Lose Breakout
0%
Wasting Light Bridge Burining
0%
One By one Burn Away
0%
Your Favorite Toy Caught In The Echo
0%
Medecine At Midnight Chasing Birds
0%
Your Favorite Toy Child Actor
0%
Medecine At Midnight Cloudspotter
0%
The Esstential Foo Fighters Cold Day In The Sun
0%
One By one Come Back
0%
Sonic Highways Congregation
0%
One By one Danny Says
0%
Wasting Light Dear Rosemary
0%
Concrete and Gold Dirty Water
0%
One By one Disenchanted Lullaby
0%
In Your Honor DOA
0%
The Colour And The Shape Doll
0%
In Your Honor End Over End
0%
The Colour And The Shape Enough Space
0%
Greatest Hits | The Esstential Foo Fighters Everlong (Acoustic Version)
0%
Foo Fighters Exhausted
0%
The Colour And The Shape Februrary Stars
0%
Foo Fighters Floaty
0%
Foo Fighters For All the Crows
0%
One By one For All The Crows
0%
In Your Honor Free Me
0%
There Is Nothing Left To Lose Generator
0%
There Is Nothing Left To Lose Gimme Stitches
0%
Foo Fighters Good Grief
0%
One By one Halo
0%
Concrete and Gold Happy Ever After
0%
One By one Have It All
0%
There Is Nothing Left To Lose Headwires
0%
But Here We Are Hearing Voices
0%
In Your Honor Hell
0%
The Colour And The Shape Hey, Johnny Park!
0%
Medecine At Midnight Holding Poison
0%
Sonic Highways I Am A River
0%
Your Favorite Toy If You Only Knew
0%
Foo Fighters I'Il Stick Around
0%
Sonic Highways In The Clear
0%
Wasting Light I Should Have Know
0%
Concrete and Gold La Dee Da
0%
There Is Nothing Left To Lose Leran to Fly
0%
One By one Life Of Illusion
0%
There Is Nothing Left To Lose Live-In Skin
0%
One By one Loely As You
0%
Greatest Hits | The Esstential Foo Fighters Long Road To Ruin
0%
Medecine At Midnight Love Dies Young
0%
One By one Low
0%
Concrete and Gold Make It Right
0%
Medecine At Midnight | The Esstential Foo Fighters Making A Fire
0%
There Is Nothing Left To Lose M.I.A
0%
Wasting Light Miss The Misery
0%
The Colour And The Shape My Poor Brain
0%
The Colour And The Shape New Way Home
0%
There Is Nothing Left To Lose Next Year
0%
Medecine At Midnight No Son Of Mine
0%
But Here We Are Nothing At All
0%
Your Favorite Toy Of All People
0%
Foo Fighters Oh, George
0%
Sonic Highways Outside
0%
One By one Overdrive
0%
But Here We Are Rescued
0%
In Your Honor Resolve
0%
But Here We Are Rest
0%
The Esstential Foo Fighters | Wasting Light Rope
0%
The Colour And The Shape See You
0%
Medecine At Midnight | The Esstential Foo Fighters Shame Shame
0%
But Here We Are Show Me How
0%
One By one Sister Europe
0%
Greatest Hits Skin And Bones
0%
Your Favorite Toy Spit Shine
0%
There Is Nothing Left To Lose Stacked Actors
0%
Sonic Highways Subterranean
0%
Concrete and Gold Sunday Rain
0%
The Colour And The Shape The Colour And The Shape
0%
In Your Honor The Deepest Blues Are Black
0%
Sonic Highways The Feast and The Famine
0%
But Here We Are The Glass
0%
In Your Honor The Last Song
0%
Concrete and Gold The Line
0%
Wasting Light These Days
0%
The Esstential Foo Fighters These Days
0%
Concrete and Gold | The Esstential Foo Fighters The Sky Is A Neighborhood
0%
But Here We Are The Teacher
0%
Foo Fighters | Greatest Hits | The Esstential Foo Fighters This Is a Call
0%
Greatest Hits | One By one | The Esstential Foo Fighters Times Like These
0%
One By one Tired Of You
0%
Concrete and Gold T-Shirt
0%
Your Favorite Toy Unconditional
0%
But Here We Are Under You
0%
The Colour And The Shape Up In Arms
0%
Medecine At Midnight | The Esstential Foo Fighters Waiting On A War
0%
The Colour And The Shape Walking After You
0%
One By one Walking A Line
0%
Foo Fighters Wattershed
0%
Foo Fighters Weenie Beenie
0%
Sonic Highways What Did I Do?/God As My Witness
0%
Greatest Hits Wheels
0%
Wasting Light White Limo
0%
Your Favorite Toy Window
0%
The Colour And The Shape Wind Up
0%
Greatest Hits Word Forward
0%
Foo Fighters X-Static
0%
Aucun quiz correspondant
Distribution des résultats
% des personnes avec chaque résultat
Percentile par nombre de réponses
Votre historique - résultats
Vous n’avez pas pris ce quiz